[Event "Vasco"]
[Site "http://www.queenalice.com/game.php?id=845615"]
[Date "2010.10.16"]
[Round "-"]
[White "McKubik"]
[Black "Pandorline"]
[Result "1-0"]
[WhiteElo "1439"]
[BlackElo "1203"]

1. e4 e5 2. Nf3 Nc6 3. Bc4 Qe7 4. d3 Nf6 5. Bg5 Qc5 6. Bh4 Be7 7. Ng5 O-O 8. O-O
h6 9. Bxf7+ Kh8 10. Bc4 b5 11. Nf7+ Kh7 12. Bxf6 Bxf6 13. Qh5 bxc4 14. Qf5+ g6
15. Qxf6 Ba6 16. Nd2 cxd3 17. cxd3 Bxd3 18. Rfc1 Qb4 19. Nf1 Bxe4 20. h3 Qxb2
21. Ng3 Bd3 22. Nh5 gxh5 23. Qxh6+ Kg8 24. Qh8+ Kxf7 25. Qxh5+ Bg6 26. Qf5+ 1-0

[Event "OS INCLIVEIS"]
[Site "http://www.queenalice.com/game.php?id=847026"]
[Date "2010.10.17"]
[Round "-"]
[White "adelio"]
[Black "Pandorline"]
[Result "1-0"]
[WhiteElo "1659"]
[BlackElo "1180"]

1. b4 f5 2. b5 c5 3. bxc6 dxc6 4. d4 e6 5. Bb2 Qa5+ 6. c3 Be7 7. g3 Qd5 8. Nf3
Nd7 9. Bg2 Ngf6 10. O-O Ne4 11. Nbd2 Ndf6 12. c4 Qa5 13. Nxe4 fxe4 14. Ne5 O-O
15. e3 b5 16. Nxc6 Qc7 17. Nxe7+ Qxe7 18. c5 Nd5 19. Bxe4 Bb7 20. Qd3 Nb4 21.
Bxh7+ Kh8 22. Qg6 Rf6 23. Qb1 g6 24. Bxg6 Rxg6 25. Qxg6 Bf3 26. d5+ e5 27. Qf5
Bxd5 28. Bxe5+ Kg8 29. Qg6+ Kf8 30. Bd6 Nc6 31. Rad1 Ne5 32. Bxe7+ Kxe7 33. Qd6+
Ke8 34. Qxe5+ Kf8 35. Rxd5 Re8 36. Qf6+ 1-0

[Event "Greetings from Puerto Rico"]
[Site "http://www.queenalice.com/game.php?id=847028"]
[Date "2010.10.17"]
[Round "-"]
[White "Pandorline"]
[Black "MariusLola"]
[Result "0-1"]
[WhiteElo "1447"]
[BlackElo "1619"]

1. g3 e5 2. d3 d5 3. Nf3 Nc6 4. Nc3 d4 5. Ne4 Bb4+ 6. c3 dxc3 7. bxc3 Ba5 8. Qa4
Bf5 9. Nxe5 Bxe4 10. Qxe4 Nce7 11. Qxb7 Bxc3+ 12. Bd2 Bxa1 13. Qb5+ Kf8 14. Nd7+
Ke8 15. Nb6+ c6 16. Qc5 Rb8 17. Qc1 Bd4 18. Nc4 Nf6 19. Bf4 Ra8 20. Nd6+ Kf8 21.
Qc4 Bxf2+ 22. Kxf2 Ned5 23. Qxc6 Nxf4 24. gxf4 Ne8 25. Nf5 h5 26. Rg1 g6 27. Bg2
Rc8 28. Qb7 gxf5 29. Qb4+ Qd6 30. Qb7 Rc7 31. Qb8 Qxf4+ 32. Bf3 Qxh2+ 33. Rg2
Qh4+ 34. Kg1 Rc1# 0-1

[Event "Frenchie"]
[Site "http://www.queenalice.com/game.php?id=847031"]
[Date "2010.10.17"]
[Round "-"]
[White "Pandorline"]
[Black "memed"]
[Result "0-1"]
[WhiteElo "1371"]
[BlackElo "1098"]

1. g3 e5 2. Bg2 Nf6 3. Nc3 Nc6 4. Nf3 Bd6 5. Nb5 Bc5 6. O-O O-O 7. e3 a6 8. d4
exd4 9. exd4 axb5 10. dxc5 b6 11. Be3 bxc5 12. Bxc5 d6 13. Bb4 Nxb4 14. Nd4 Qe7
15. Nxb5 c6 16. Bxc6 Nxc6 17. Re1 Ne5 18. Nxd6 Ra6 19. Nf5 Qe6 20. Nd4 Qd5 21.
a3 Bb7 22. Nf5 Qg2# 0-1

[Event "Chelloise"]
[Site "http://www.queenalice.com/game.php?id=847117"]
[Date "2010.10.17"]
[Round "-"]
[White "Benesilva"]
[Black "Pandorline"]
[Result "1-0"]
[WhiteElo "1361"]
[BlackElo "1116"]

1. e4 e5 2. Nf3 d6 3. Bc4 Be6 4. Bxe6 fxe6 5. d4 d5 6. exd5 exd5 7. Bg5 Nf6 8.
dxe5 Bb4+ 9. c3 Bc5 10. exf6 gxf6 11. Qe2+ Qe7 12. Qxe7+ Bxe7 13. Bf4 Na6 14.
O-O O-O-O 15. b4 c6 16. a4 b6 17. b5 cxb5 18. axb5 Nc5 19. Rxa7 Rhe8 20. Rc7+
Kb8 21. Nd4 1-0

[Event "Amicale"]
[Site "http://www.queenalice.com/game.php?id=847119"]
[Date "2010.10.17"]
[Round "-"]
[White "Putamen19"]
[Black "Pandorline"]
[Result "1-0"]
[WhiteElo "1628"]
[BlackElo "1174"]

1. e4 e5 2. Nf3 Nc6 3. Bb5 Nf6 4. O-O Nxe4 5. d4 exd4 6. Re1 d5 7. Nxd4 Bb4 8.
c3 O-O 9. cxb4 Qf6 10. Nc3 Qxf2+ 11. Kh1 Nxb4 12. Rf1 Ng3+ 13. hxg3 Qxg3 14. Bf4
Qh4+ 15. Bh2 Bg4 16. Qa4 c5 17. Nf3 Bxf3 18. Rxf3 a6 19. Bd7 Rad8 20. Bh3 b5 21.
Qb3 c4 22. Qxb4 Qd4 23. Raf1 Rfe8 24. Rxf7 h6 25. Ne2 Rxe2 26. Bf5 Kxf7 27. Bg4+
Kg6 28. Bxe2 Re8 29. Qd6+ Kg5 30. Qg3+ 1-0

[Event "Challenge"]
[Site "http://www.queenalice.com/game.php?id=847671"]
[Date "2010.10.18"]
[Round "-"]
[White "OnlyJoking"]
[Black "Pandorline"]
[Result "1-0"]
[WhiteElo "1524"]
[BlackElo "1180"]

1. e4 e5 2. Nf3 Nc6 3. Bc4 Nf6 4. Ng5 Qe7 5. Bxf7+ Kd8 6. Bb3 b6 7. d3 Ba6 8.
Nf7+ Kc8 9. Nxh8 Nd4 10. Bg5 Qb4+ 11. Bd2 Qc5 12. Be3 Qb4+ 13. Bd2 Qc5 14. Nc3
Qc6 15. Bg5 Bb4 16. Qd2 Nxb3 17. axb3 Be7 18. Bxf6 Bxf6 19. Rxa6 Kb7 20. Ra4
Rxh8 21. Nd5 Bh4 22. Rc4 Qg6 23. O-O c6 24. Ne3 b5 25. Rc3 Rf8 26. Nf5 Bg5 27.
Qe2 b4 28. Rc5 Qf7 29. Nd6+ Kb6 30. Rxc6+ Kxc6 31. Nxf7 Rxf7 32. Qh5 Rf8 33.
Qxg5 g6 34. Qxe5 d6 35. Qd5+ Kd7 36. Ra1 1-0

[Event "Challenge"]
[Site "http://www.queenalice.com/game.php?id=847830"]
[Date "2010.10.19"]
[Round "-"]
[White "Pandorline"]
[Black "kakashisensei"]
[Result "0-1"]
[WhiteElo "1203"]
[BlackElo "1667"]

1. f4 c5 2. Nf3 d6 3. c4 g6 4. Qa4+ Nc6 5. e3 Bg7 6. Nc3 Nf6 7. Be2 O-O 8. Ng5
Bd7 9. Nd5 Nd4 10. Nxe7+ Qxe7 11. Qa5 Nxe2 12. Kxe2 Bg4+ 13. Ke1 Ne4 14. h3 Bd7
15. Qc7 Nxg5 16. fxg5 Rfe8 17. Qxb7 Bf5 18. Qc6 Be4 19. Qa6 Qxg5 20. Rg1 Qg3+
21. Ke2 Bf6 22. d3 Bf3+ 23. Kf1 Bh5 24. Bd2 Bh4 25. Qc6 Qf2# 0-1

[Event "Challenge"]
[Site "http://www.queenalice.com/game.php?id=847888"]
[Date "2010.10.19"]
[Round "-"]
[White "Pandorline"]
[Black "PRZ"]
[Result "0-1"]
[WhiteElo "1109"]
[BlackElo "1418"]

1. e4 Nc6 2. d4 d5 3. e5 e6 4. Nf3 f6 5. Bb5 Ne7 6. Nh4 a6 7. Nd2 axb5 8. exf6
gxf6 9. Qh5+ Kd7 10. Qf7 f5 11. Nb3 e5 12. Nc5+ Kd6 13. Qf6+ Be6 14. Nxe6 Ng8
15. Nxd8+ Nxf6 16. Nxb7+ Ke7 17. Nxf5+ Ke6 18. Nh4 exd4 19. Nf3 Rb8 20. Bf4 Bb4+
21. c3 dxc3 22. Ng5+ Kf5 23. g3 Rxb7 24. O-O Ne4 25. h4 Rbb8 26. f3 Bc5+ 27. Kg2
Nxg5 28. Bxg5 Rhe8 29. bxc3 Re2+ 30. Kh3 d4 31. g4+ Ke5 32. f4+ Kd5 33. Rad1
Re3+ 34. Kg2 Re2+ 35. Kf3 Re3+ 36. Kf2 Rbe8 37. f5 Re2+ 38. Kf3 R2e3+ 39. Kf2
Re2+ 40. Kf3 Rxa2 41. cxd4 Nxd4+ 0-1

[Event "Revanche"]
[Site "http://www.queenalice.com/game.php?id=849300"]
[Date "2010.10.22"]
[Round "-"]
[White "Pandorline"]
[Black "cyrillt"]
[Result "0-1"]
[WhiteElo "1174"]
[BlackElo "1825"]

1. Nf3 Nc6 2. e4 e5 3. d4 exd4 4. Bg5 f6 5. Nxd4 Nxd4 6. Qxd4 fxg5 7. Nc3 b6 8.
Bc4 d6 9. O-O-O Qf6 10. Bb5+ Bd7 11. Nd5 Qd8 12. Bd3 c5 13. Qe3 Be7 14. e5 Qb8
15. Qf3 dxe5 16. Bf5 Bc6 17. Qh5+ Kd8 18. Nxe7+ Kxe7 19. Qxg5+ Kf8 20. Be6 Qc7
21. Rhe1 h6 22. Qf5+ Nf6 23. f3 Qe7 24. Qxe5 Rd8 25. Rxd8+ Qxd8 26. Rd1 Qe7 27.
Qb8+ Ne8 28. Qf4+ Nf6 29. Qb8+ Be8 30. Qc8 g5 31. g4 Kg7 32. Bf5 Bf7 33. Rd8
Rxd8 34. Qc6 Qe1# 0-1

[Event "Desperate"]
[Site "http://www.queenalice.com/game.php?id=849455"]
[Date "2010.10.22"]
[Round "-"]
[White "Pandorline"]
[Black "cyrillt"]
[Result "0-1"]
[WhiteElo "1174"]
[BlackElo "1823"]

1. e4 e5 2. d4 exd4 3. Qxd4 Nc6 4. Qd5 Nf6 5. Bg5 Be7 6. Bc4 Nxd5 7. Bxe7 Ndxe7
8. Nf3 O-O 9. Nc3 a6 10. Ng5 d5 11. exd5 Nd4 12. O-O-O c5 13. Nce4 b5 14. Bd3
Qxd5 15. Nf6+ gxf6 16. Nxh7 Qxa2 17. Nxf6+ Kg7 18. Nh5+ Kh6 19. Nf4 Bf5 20. f3
b4 21. Kd2 Qxb2 22. Ke3 Rfe8 23. g4 Nd5+ 24. Kf2 Nxf4 25. Bxf5 b3 26. Kg3 Nfe2+
27. Kh4 Nxf5+ 28. gxf5 Qf6+ 29. Kg4 Qg5+ 30. Kh3 Nf4# 0-1

[Event "Chellou"]
[Site "http://www.queenalice.com/game.php?id=852141"]
[Date "2010.10.29"]
[Round "-"]
[White "Pandorline"]
[Black "cyrillt"]
[Result "0-1"]
[WhiteElo "1174"]
[BlackElo "1829"]

1. e3 e5 2. Nc3 d5 3. Qf3 Nf6 4. d3 Bg4 5. Qg3 Nc6 6. h3 Bf5 7. e4 dxe4 8. dxe4
Nxe4 9. Qd3 Nd6 10. Qd5 Nb4 11. Qxe5+ Be6 12. Nf3 Nxc2+ 13. Kd1 Nxa1 14. Ng5
Nc4+ 15. Ke1 Nxe5 16. Nb5 Bb4+ 17. Nc3 Nc2+ 18. Ke2 Qd3# 0-1

[Event "AUTO-BEG-438"]
[Site "http://www.queenalice.com/game.php?id=855379"]
[Date "2010.11.6"]
[Round "1"]
[White "thiagonsmelo"]
[Black "Pandorline"]
[Result "1-0"]
[WhiteElo "1124"]
[BlackElo "1175"]

1. d4 d5 2. e3 e6 3. Bb5+ c6 4. Nf3 cxb5 5. Ne5 Qa5+ 6. Bd2 b4 7. c3 Nf6 8. O-O
Ne4 9. Be1 Bd6 10. Qh5 O-O 11. Ng4 b3 12. Nd2 Nxc3 13. Nf3 Ne2+ 14. Kh1 Qa4 15.
Ng5 h6 16. Nxh6+ gxh6 17. Qxh6 bxa2 18. Nh7 Nd7 19. Nxf8 Nxf8 20. Qg5+ Ng6 21.
Qd8+ 1-0

[Event "AUTO-BEG-438"]
[Site "http://www.queenalice.com/game.php?id=855380"]
[Date "2010.11.6"]
[Round "1"]
[White "Pandorline"]
[Black "thiagonsmelo"]
[Result "0-1"]
[WhiteElo "1204"]
[BlackElo "1104"]

1. e4 e5 2. Nf3 Nf6 3. Qe2 Bb4 4. Nxe5 O-O 5. Qc4 Na6 6. a3 Bd6 7. Qd4 c6 8. Bc4
Qe7 9. d3 c5 10. Qc3 Qxe5 11. O-O Ng4 12. h3 Nh2 13. Rd1 Nc7 14. g3 Re8 15. Kxh2
b5 16. Bd5 Nxd5 17. exd5 c4 18. dxc4 bxc4 19. Qxc4 Bb7 20. Bf4 Qe2 0-1